Statistics for Lazio Biggest Transfers

Click here to take the quiz!

General Stats

  • This quiz has been taken 19 times
  • The average score is 82 of 215

Answer Stats

% Correct
OutgoingsCzech RepublicLMPavel Nedved01/02Juventus
94%
IncomingsCzech RepublicLMPavel Nedved96/97Kosice
94%
IncomingsItalySTCiro Immobile16/17Sevilla
89%
OutgoingsBrazilRWFelipe Anderson18/19West Ham United
89%
IncomingsBrazilRWFelipe Anderson21/22West Ham United
89%
IncomingsBrazilRWFelipe Anderson13/14Santos
89%
IncomingsArgentinaCMJuan Sebastian Veron99/00Parma
89%
OutgoingsArgentinaCMJuan Sebastian Veron01/02Manchester United
89%
OutgoingsSerbiaCMSergej Milinkovic-Savic23/24Al-Hilal
89%
IncomingsSerbiaCMSergej Milinkovic-Savic15/16Genk
89%
OutgoingsArgentinaSTHernan Crespo02/03Inter Milan
83%
IncomingsArgentinaSTHernan Crespo00/01Parma
83%
IncomingsNetherlandsCBJaap Stam01/02Manchester United
83%
OutgoingsNetherlandsCBJaap Stam04/05Milan
83%
IncomingsArgentinaSSJoaquin Correa18/19Sevilla
83%
OutgoingsArgentinaSSJoaquin Correa22/23Inter Milan
83%
OutgoingsArgentinaSSJoaquin Correa21/22Inter Milan
83%
OutgoingsSerbiaLBAleksandar Kolarov10/11Manchester City
78%
OutgoingsItalySTChristian Vieri99/00Inter Milan
78%
IncomingsItalySTChristian Vieri98/99Atletico Madrid
78%
IncomingsSpainCMLuis Alberto16/17Liverpool
78%
OutgoingsItalyRMAntonio Candreva16/17Inter Milan
72%
IncomingsItalyRMAntonio Candreva13/14Udinese
72%
OutgoingsItalyCBFrancesco Acerbi23/24Inter Milan
72%
IncomingsItalyCBFrancesco Acerbi18/19Sassuolo
72%
OutgoingsItalyCBAlessandro Nesta02/03Milan
67%
OutgoingsUruguayGKFernando Muslera11/12Galatasaray
67%
IncomingsUruguayGKFernando Muslera07/08Montevideo Wanderers
67%
IncomingsBrazilDMLucas Leiva17/18Liverpool
67%
IncomingsPortugalRWPedro Neto17/18Braga
67%
OutgoingsPortugalRWPedro Neto19/20Wolverhampton Wanderers
67%
IncomingsPortugalRWPedro Neto19/20Braga
67%
IncomingsNetherlandsCBStefan de Vrij14/15Feyenoord
67%
OutgoingsNetherlandsCBWesley Hoedt17/18Southampton
67%
IncomingsNetherlandsCBWesley Hoedt20/21Southampton
67%
IncomingsEcuadorSTFelipe Caicedo17/18Espanyol
61%
OutgoingsEcuadorSTFelipe Caicedo21/22Genoa
61%
IncomingsRomaniaLBStefan Radu08/09Dinamo Bucharest
61%
IncomingsSwitzerlandRBStephan Lichtsteiner08/09Lille
61%
OutgoingsSwitzerlandRBStephan Lichtsteiner11/12Juventus
61%
IncomingsItalyGKAngelo Peruzzi00/01Inter Milan
56%
IncomingsArgentinaCMDiego Simeone99/00Inter Milan
56%
OutgoingsAlbaniaGKEtrit Berisha17/18Atalanta
56%
OutgoingsSpainRMGaizka Mendieta02/03Barcelona
56%
OutgoingsSpainRMGaizka Mendieta03/04Middlesbrough
56%
IncomingsSpainRMGaizka Mendieta01/02Valencia
56%
IncomingsItalyGKIvan Provedel22/23Spezia
56%
OutgoingsSenegalSTKeita Balde17/18Monaco
56%
OutgoingsChileSTMarcelo Salas01/02Juventus
56%
IncomingsChileSTMarcelo Salas98/99River Plate
56%
OutgoingsEnglandAMPaul Gascoigne95/96Rangers
56%
IncomingsEnglandAMPaul Gascoigne92/93Tottenham Hotspur
56%
IncomingsSerbiaCBSinisa Mihajlovic98/99Sampdoria
56%
IncomingsKosovoCMValon Berisha18/19RB Salzburg
56%
OutgoingsKosovoCMValon Berisha20/21Reims
56%
IncomingsMontenegroLBAdam Marusic17/18Oostende
50%
IncomingsAngolaCBBastos16/17Rostov
50%
OutgoingsSerbiaCMDejan Stankovic03/04Inter Milan
50%
IncomingsSerbiaCMDejan Stankovic98/99Crvena Zvezda
50%
OutgoingsFranceSTDjibril Cisse11/12Queens Park Rangers
50%
IncomingsFranceSTDjibril Cisse11/12Panathinaikos
50%
IncomingsSerbiaRBDusan Basta15/16Udinese
50%
IncomingsNorth MacedoniaSSGoran Pandev04/05Inter Milan
50%
IncomingsBrazilAMHernanes10/11Sao Paulo
50%
OutgoingsBrazilAMHernanes13/14Inter Milan
50%
IncomingsBelgiumLBJordan Lukaku16/17Oostende
50%
OutgoingsCzech RepublicSTLibor Kozak13/14Aston Villa
50%
IncomingsCzech RepublicSTLibor Kozak08/09Opava
50%
IncomingsItalyLWMattia Zaccagni22/23Hellas Verona
50%
IncomingsArgentinaSTTaty Castellanos23/24New York City
50%
IncomingsCroatiaCMToma Basic21/22Bordeaux
50%
IncomingsKosovoSTVedat Muriqi20/21Fenerbahce
50%
OutgoingsKosovoSTVedat Muriqi22/23Mallorca
50%
IncomingsCroatiaSTAlen Boksic97/98Juventus
44%
IncomingsCroatiaSTAlen Boksic93/94Marseille
44%
OutgoingsCroatiaSTAlen Boksic00/01Middlesbrough
44%
OutgoingsCroatiaSTAlen Boksic96/97Juventus
44%
IncomingsItalyGKFederico Marchetti11/12Cagliari
44%
IncomingsDenmarkRWGustav Isaksen23/24Midtjylland
44%
IncomingsIvory CoastCMJean-Daniel Akpa Akpro20/21Salernitana
44%
OutgoingsArgentinaDMLucas Biglia17/18Milan
44%
IncomingsArgentinaDMLucas Biglia13/14Anderlecht
44%
IncomingsItalyRMManuel Lazzari19/20SPAL
44%
IncomingsItalyCMMarco Parolo14/15Parma
44%
IncomingsSpainCBMario Gila22/23Real Madrid
44%
OutgoingsItalyRBMassimo Oddo06/07Milan
44%
IncomingsItalyRBMassimo Oddo02/03Hellas Verona
44%
OutgoingsItalyRWMatteo Cancellieri23/24Empoli
44%
IncomingsItalyRWMatteo Cancellieri23/24Hellas Verona
44%
IncomingsFranceCMMatteo Guendouzi23/24Marseille
44%
IncomingsArgentinaSTMauro Zarate09/10Al-Sadd
44%
OutgoingsArgentinaSTMauro Zarate11/12Inter Milan
44%
IncomingsArgentinaSTMauro Zarate08/09Al-Sadd
44%
IncomingsItalyCBNicolo Casale22/23Hellas Verona
44%
OutgoingsNigeriaDMOgenyi Onazi16/17Trabzonspor
44%
IncomingsDenmarkLBRiza Durmisi18/19Real Betis
44%
IncomingsBosniaLMSenad Lulic11/12Young Boys
44%
IncomingsFranceRBAbdoulay Konko11/12Genoa
39%
IncomingsSlovakiaCBDenis Vavro19/20Kobenhavn
39%
OutgoingsSlovakiaCBDenis Vavro22/23Kobenhavn
39%
IncomingsItalyGKLuca Marchegiani93/94Torino
39%
IncomingsPortugalGKLuis Maximiano22/23Granada
39%
IncomingsArgentinaDMMatias Almeyda97/98Sevilla
39%
OutgoingsArgentinaDMMatias Almeyda00/01Parma
39%
IncomingsAlgeriaLBMohamed Fares20/21SPAL
39%
IncomingsItalySSRoberto Mancini97/98Sampdoria
39%
OutgoingsItalySTSergio Floccari11/12Parma
39%
IncomingsItalySTSergio Floccari10/11Genoa
39%
OutgoingsItalySTSergio Floccari13/14Sassuolo
39%
IncomingsItalyAMStefano Mauri06/07Udinese
39%
OutgoingsItalyCMAlessandro Murgia19/20SPAL
33%
OutgoingsItalyDMDanilo Cataldi17/18Benevento
33%
IncomingsParaguayLWDiego Gonzalez23/24Celaya
33%
IncomingsPortugalCBFernando Couto98/99Barcelona
33%
IncomingsCzech RepublicRWKarel Poborsky00/01Benfica
33%
IncomingsBrazilCMMarcos Antonio22/23Shakhtar Donetsk
33%
OutgoingsCroatiaDMMilan Badelj20/21Genoa
33%
OutgoingsPortugalRWSergio Conceicao00/01Parma
33%
IncomingsPortugalRWSergio Conceicao98/99Porto
33%
IncomingsUruguayCMAlvaro Gonzalez10/11Nacional
28%
IncomingsItalySTBernardo Corradi02/03Inter Milan
28%
OutgoingsItalySTBernardo Corradi04/05Valencia
28%
IncomingsGreeceGKChristos Mandas23/24OFI Crete
28%
IncomingsCzech RepublicCBDavid Rozehnal07/08Newcastle United
28%
IncomingsCzech RepublicCBDavid Rozehnal08/09Newcastle United
28%
OutgoingsCzech RepublicCBDavid Rozehnal09/10Hamburg
28%
IncomingsSerbiaLBDimitrije Kamenovic21/22Cukaricki
28%
IncomingsItalyLBGiuseppe Favalli92/93Cremonese
28%
IncomingsSpainAMIvan de la Pena98/99Barcelona
28%
IncomingsSpainLWJony19/20Malaga
28%
IncomingsFranceDMOusmane Dabo03/04Atalanta
28%
OutgoingsSwitzerlandDMValon Behrami08/09West Ham United
28%
IncomingsSwitzerlandDMValon Behrami05/06Genoa
28%
IncomingsPortugalCMBruno Jordao19/20Braga
22%
OutgoingsPortugalCMBruno Jordao19/20Wolverhampton Wanderers
22%
IncomingsPortugalCMBruno Jordao17/18Braga
22%
IncomingsBrazilLMCesar01/02Sao Caetano
22%
IncomingsArgentinaSTClaudio Lopez00/01Valencia
22%
IncomingsItalyCMCristian Brocchi08/09Milan
22%
IncomingsItalyDMCristian Ledesma06/07Lecce
22%
IncomingsItalyRMDiego Fuser92/93Milan
22%
OutgoingsItalyRMDiego Fuser98/99Parma
22%
IncomingsItalyDMDino Baggio00/01Parma
22%
OutgoingsArgentinaGKJuan Pablo Carrizo09/10Real Zaragoza
22%
IncomingsArgentinaGKJuan Pablo Carrizo08/09River Plate
22%
OutgoingsItalyRBLorenzo De Silvestri09/10Fiorentina
22%
OutgoingsItalySTMarco Di Vaio97/98Salernitana
22%
IncomingsBrazilCBMauricio15/16Sporting CP
22%
OutgoingsItalySTPierluigi Casiraghi98/99Chelsea
22%
IncomingsItalySTPierluigi Casiraghi94/95Juventus
22%
IncomingsNetherlandsLWRicardo Kishna15/16Ajax
22%
IncomingsItalyAMStefano Fiore01/02Udinese
22%
OutgoingsItalyAMStefano Fiore04/05Valencia
22%
IncomingsItalyCBStefano Lombardi00/01Napoli
22%
IncomingsBrazilCBWallace16/17Braga
22%
IncomingsBrazilCBAndre Dias09/10Sao Paulo
17%
IncomingsNetherlandsCMAron Winter92/93Ajax
17%
IncomingsSerbiaSTDarko Kovacevic01/02Juventus
17%
OutgoingsSerbiaSTDarko Kovacevic01/02Real Sociedad
17%
OutgoingsPortugalLBEliseu10/11Malaga
17%
IncomingsItalyDMFabio Liverani01/02Perugia
17%
IncomingsItalyDMGiuliano Giannichedda01/02Udinese
17%
IncomingsItalyRBGiuseppe Pancaro97/98Cagliari
17%
OutgoingsArgentinaCMGonzalo Escalante23/24Cadiz
17%
IncomingsSpainLBJavier Garrido10/11Manchester City
17%
OutgoingsSpainLBJavier Garrido13/14Norwich City
17%
OutgoingsArgentinaCBJose Chamot98/99Atletico Madrid
17%
IncomingsGermanySTKarl-Heinz Riedle90/91Werder Bremen
17%
OutgoingsGermanySTKarl-Heinz Riedle93/94Borussia Dortmund
17%
OutgoingsBelgiumRBLuis Pedro Cavanda15/16Trabzonspor
17%
IncomingsItalyGKMarco Ballotta97/98Reggiana
17%
OutgoingsSouth AfricaCBMark Fish97/98Bolton Wanderers
17%
IncomingsSouth AfricaCBMark Fish96/97Orlando Pirates
17%
IncomingsFranceCBMichael Ciani12/13Bordeaux
17%
IncomingsGermanyCMMoritz Leitner16/17Borussia Dortmund
17%
OutgoingsGermanyCMMoritz Leitner16/17Augsburg
17%
IncomingsPortugalLWNani17/18Valencia
17%
IncomingsArgentinaCBNestor Sensini99/00Parma
17%
IncomingsItalyCMRoberto Di Matteo93/94Aarau
17%
OutgoingsItalyCMRoberto Di Matteo96/97Chelsea
17%
IncomingsItalySTRoberto Muzzi03/04Udinese
17%
IncomingsUruguaySTRuben Sosa88/89Real Zaragoza
17%
OutgoingsUruguaySTRuben Sosa92/93Inter Milan
17%
IncomingsMoroccoLMSofian Kiyine19/20Chievo Verona
17%
OutgoingsMoroccoLMSofian Kiyine22/23OH Leuven
17%
IncomingsBrazilSTAmarildo89/90Celta Vigo
11%
IncomingsBrazilCBCribari06/07Udinese
11%
IncomingsItalyRBLuciano Zauri03/04Atalanta
11%
IncomingsBrazilDMMatuzalem09/10Real Zaragoza
11%
OutgoingsItalyAMPasquale Foggia07/08Cagliari
11%
IncomingsItalyAMPasquale Foggia06/07Milan
11%
IncomingsGermanyAMThomas Doll91/92Hamburg
11%
OutgoingsGermanyAMThomas Doll94/95Eintracht Frankfurt
11%
IncomingsItalyGKTommaso Berni06/07Ternana
11%
OutgoingsSerbiaLMVladimir Jugovic98/99Atletico Madrid
11%
IncomingsSerbiaLMVladimir Jugovic97/98Juventus
11%
OutgoingsItalyCBAlessandro Grandoni98/99Sampdoria
6%
IncomingsColombiaSTBrayan Perea13/14Deportivo Cali
6%
IncomingsItalyLWEmanuele Cicerelli19/20Salernitana
6%
IncomingsUruguaySTEmiliano Alfaro11/12Liverpool (Montevideo)
6%
OutgoingsBelgiumDMGaby Mudingayi08/09Bologna
6%
OutgoingsItalyCMGiorgio Venturin98/99Atletico Madrid
6%
IncomingsItalyLWGiueseppe Sculli10/11Genoa
6%
IncomingsCroatiaGKIvan Vargic15/16HNK Rijeka
6%
OutgoingsItalyRWMattia Sprocati19/20Parma
6%
IncomingsItalyRWMattia Sprocati18/19Salernitana
6%
IncomingsAlgeriaAMMourad Meghni07/08Bologna
6%
IncomingsPolandDMPatryk Dziczek19/20Piast Gliwice
6%
IncomingsNigeriaSTStephen Makinwa06/07Palermo
6%
IncomingsArgentinaRBTiago Casasola18/19Salernitana
6%
OutgoingsCroatiaLBAnthony Seric05/06Panathinaikos
0%
IncomingsCroatiaLBAnthony Seric04/05Hellas Verona
0%
OutgoingsItalyCBDuccio Innocenti03/04Atalanta
0%
IncomingsArgentinaAMLucas Castroman00/01Velez Sarsfield
0%
IncomingsItalyRMRenato Buso96/97Napoli
0%

Score Distribution

Percentile by Number Answered

Percent of People with Each Score

Your Score History

You have not taken this quiz